000 00590cam a22002171 4500
001 ne 68003865
003 DLC
005 20260227111847.0
008 940330s1966 tu c b 000 0 tur
010 _ane 68003865
035 _a(OCoLC)30058621
040 _aDLC
_cCU
_dDLC
042 _apremarc
050 0 0 _aPK2903
_b.S37
100 1 _aSavcı, Selâddin.
245 1 0 _aPakistan dil ve edebiyatı.
260 _aİstanbul,
_bFatih Matbaası,
_c1966.
300 _a112 p.
_bports.
_c19 cm.
504 _aBibliography: p. 110.
650 0 _aPakistani literature
_xHistory and criticism.
999 _c50852
_d50852